A Debreceni református kollégium nagykönyvtárának katalógusa. 20, Földrajz /
Uložené v:
| Ďalší autori: | , |
|---|---|
| Médium: | Kniha |
| Jazyk: | Hungarian |
| Vydané: |
Debrecen :
A Debreceni Egyetemi Könyvtár,
1986.
|
| Vydanie: | 1. kiad. |
| Edícia: | Régi Tiszántúli könyvtárak
3 |
| ISBN: |
(brož.) |
| Fyzický popis: |
270 s. |
| Tagy: |
Pridať tag
Žiadne tagy, Buďte prvý kto otaguje tento záznam!
|
Titul je dostupný aj v ... 

MARC
| LEADER | 00000nam a2200000 a 4500 | ||
|---|---|---|---|
| 001 | 000289607 | ||
| 005 | 20110623083048.0 | ||
| 008 | 061216s1986 hu e 000 0 huno | ||
| 020 | |a (brož.) | ||
| 040 | |a SVKKK |b slo |c SVKKK |e AACR2 | ||
| 041 | 0 | |a hun | |
| 044 | |a hu |c HU | ||
| 245 | 0 | 0 | |a A Debreceni református kollégium nagykönyvtárának katalógusa. |n 20, |p Földrajz / |c Szerk. Józsefné Barcza, Sándorné Szathmáry. |
| 246 | 3 | 0 | |a Földrajz |
| 250 | |a 1. kiad. | ||
| 260 | |a Debrecen : |b A Debreceni Egyetemi Könyvtár, |c 1986. | ||
| 300 | |a 270 s. | ||
| 440 | 0 | |a Régi Tiszántúli könyvtárak |v 3 | |
| 700 | 1 | |a Barcza, Józsefné |4 com | |
| 700 | 1 | |a Szathmáry, Sándorné |4 com | |
| 998 | |a BK | ||
| 090 | |g SCKHL |k Sklad Pribinova 3. posch. |a V.164150 |j 776240 |i 2720957800 |s Absenčne | ||